000 00468nam a2200169Ia 4500
008 230711s9999||||xx |||||||||||||| ||und||
020 _a978-81-203-3584-4
041 _aENG
082 _a620.001
_bAL-F
100 _aAlavala,Chennakesava R
245 0 _aFinite Element Methods : Basic Concepts and Applications
250 _a1st Ed.
260 _c2009
_aNew Delhi
_bPHI Learning Private Limited
300 _a392p.
650 _aMechanical Engineering
942 _cBK
999 _c6714
_d6714